000 00410nam a22001577a 4500
005 20251120111209.0
008 251120b |||||||| |||| 00| 0 eng d
020 _a979-8-88715-071-0
100 _aLLOYD, ANDREW DAN
245 _aFOREST GENETICS AND TREE BREEDING
260 _aDUBLIN, OH
_bORYSON, OH
_c2023
300 _aVIII, 292P.
500 _aINCLUDES INDEX
650 _aFORESTRY
942 _2ddc
_cBK
999 _c216227
_d216227